Bài tập xác suất thống kê
Đã lưu trong:
| 主要作者: | |
|---|---|
| 格式: | 图书 |
| 语言: | Undetermined |
| 出版: |
Hà Nội
Giáo dục
2002
|
| 主题: | |
| 标签: |
添加标签
没有标签, 成为第一个标记此记录!
|
| Thư viện lưu trữ: | Trung tâm Học liệu Trường Đại học Cần Thơ |
|---|
| LEADER | 00690nam a2200217Ia 4500 | ||
|---|---|---|---|
| 001 | CTU_93142 | ||
| 008 | 210402s9999 xx 000 0 und d | ||
| 082 | |a 519.2076 | ||
| 082 | |b G116 | ||
| 100 | |a Đinh, Văn Gắng | ||
| 245 | 0 | |a Bài tập xác suất thống kê | |
| 245 | 0 | |c Đinh Văn Gắng | |
| 260 | |a Hà Nội | ||
| 260 | |b Giáo dục | ||
| 260 | |c 2002 | ||
| 526 | |a Toán cho vật lý 2,Xác suất thống kê - Toán | ||
| 526 | |b SP092,SP585 | ||
| 650 | |a Mathematical statistics,Probabilities | ||
| 650 | |x Problems,exercises,Problems,exercises | ||
| 904 | |i Trúc,Hải | ||
| 980 | |a Trung tâm Học liệu Trường Đại học Cần Thơ | ||